Apprentissage mutuel en matiere d'inclusion financiere

Guardado en:
Detalles Bibliográficos
Autor principal: Tkáčiková, Jarmila
Otros Autores: Chovancová, Božena
Formato: Libro
Lenguaje:francés
Publicado: Brussels Reseau Financement Alternatif 2009
Materias:
Etiquetas: Agregar Etiqueta
Sin Etiquetas, Sea el primero en etiquetar este registro!

MARC

LEADER 00000nam a2200000 4500
001 0124411
005 20240502083315.7
041 0 |a fre 
044 |a BE 
245 1 0 |a Apprentissage mutuel en matiere d'inclusion financiere  |c Jarmila Tkáčiková, Božena Chovancová ... [et al.] 
264 1 |a Brussels  |b Reseau Financement Alternatif  |c 2009 
300 |a 81 s. 
610 2 0 |a projekty medzinárodné 
610 2 0 |a spolupráca medzinárodná 
610 2 0 |a politika sociálna 
610 2 0 |a politika finančná 
610 2 0 |a výskum 
610 2 0 |a Európska únia 
610 2 0 |a Slovensko 
100 1 |a Tkáčiková, Jarmila 
700 1 |a Chovancová, Božena